| 000 | 02291nam0a2200397 4500 | ||
|---|---|---|---|
| 001 | RU\NLR\BIBL_A\011682936 | ||
| 005 | 20180515142326.0 | ||
| 010 |
_a978-5-8200-0429-2 _9500 |
||
| 021 |
_aRU _bКН-П-18-019452 _9КН-П-18-1416 |
||
| 035 | _a(NLR Aleph) 011682936 | ||
| 035 | _a(RuMoRGB)009573863 | ||
| 090 |
_a11296898 _c11296898 |
||
| 100 | _a20180417d2016 k y0rusy50 ca | ||
| 101 | 0 | _arus | |
| 102 | _aRU | ||
| 105 | _aa z 000zy | ||
| 200 | 1 |
_aГеоэкология и беспозвоночные животные мелиорируемых земель Байкальской природной территории _eмонография _fЮ. М. Ильин, Т. П. Нихилеева, М. В. Семенова _gМинистерство сельского хозяйства Российской Федерации, ФГБОУ ВО "Бурятская государственная сельскохозяйственная академия имени В. Р. Филиппова" [и др.] |
|
| 210 |
_aУлан-Удэ _cИзд-во БГСХА имени В. Р. Филиппова _d2016 |
||
| 215 |
_a196 с. _cил., табл. _d21 |
||
| 320 | _aБиблиогр.: с. 180-196 (292 назв.) | ||
| 606 | 1 |
_aПочвенные беспозвоночные мелиорированных земель _yБайкал, озеро (Сибирь Юго-Восточная) _xБассейн _2nlr_sh2 _3RU\NLR\AUTH\6601634797 |
|
| 606 | 1 |
_aПриродные условия _yБайкал, озеро (Сибирь Юго-Восточная) _xБассейн _2nlr_sh2 _3RU\NLR\AUTH\6601592471 |
|
| 686 |
_aП9(2Р54,7)06,0 _2rubbk |
||
| 686 |
_aЕ691-812.4,0 _2rubbk |
||
| 686 |
_aЕ681.895,0 _2rubbk |
||
| 686 | 1 | _aД829(2Р54,7) | |
| 686 | 1 | _aП032.50(2Р54,7) | |
| 686 | 1 | _aП06(2Р54,7) | |
| 700 | 1 |
_aИльин _bЮ. М. _cканд. с.-х. наук _gЮрий Михайлович _3RU\NLR\AUTH\77113238 |
|
| 701 | 1 |
_aНихилеева _bТ. П. _gТамара Петровна |
|
| 701 | 1 |
_aСеменова _bМ. В. _cагроном, мелиорация _gМария Владимировна _3RU\NLR\AUTH\770188590 |
|
| 942 | _cBOOK | ||
| 980 | _aNBR | ||
| 980 | _aNB | ||